000 00894nam a2200241Ia 4500
003 OSt
005 20220923215638.0
006 a|||||r|||| 00| 0
007 ta
008 220922b |||||||| |||| 00| 0 hin d
024 _a180,547
037 _cTextual
040 _aARTS
_cARTS
_bhin
041 _2hin
_ahin
082 _aO152,1J94:g(S:5), J9
100 _aमदान, इन्द्र नाथ
245 0 _aहिन्दी काव्य में श्रृंगार परम्परा महाकवि बिहारी
246 _aHindī kāvya mean shrṛuangār paramparā hinākavi bihārī
260 _aआगरा
_b विनोद पुस्तक मन्दिर
_c1959
300 _a439 पृ.
_ccm.
942 _hO152,1J94:g(S:5), J9
_cTEXL
_2CC
999 _c333925
_d333925